Detalles MARC
| 000 -LÍDER |
| Campo fijo de descripción fija |
01390nam a22002537a 4500 |
| 001 - NÚMERO DE CONTROL |
| Campo de control |
13760 |
| 003 - IDENTIFICADOR DEL NÚMERO DE CONTROL |
| Campo de control |
CO-MdFUSB |
| 005 - FECHA Y HORA DE LA ULTIMA TRANSACCIÓN |
| control field |
20180622073149.0 |
| 008 - ELEMENTOS DE LONGITUD FIJA -- INFORMACIÓN GENERAL |
| Campo fijo de descripción fija -- Información general |
180313t2005 sp ||||| |||| 00| 0 spa d |
| 020 ## - NÚMERO INTERNACIONAL NORMALIZADO PARA LIBROS |
| Número Internacional Normalizado del libro |
84-8169-104-6 |
| 040 ## - FUENTE DE CATALOGACIÓN |
| Agencia de catalogación original |
CO-MdFUSB |
| Idioma de catalogación |
spa |
| Agencia que realiza la transcripción |
CO-MdFUSB |
| Agencia que realiza la modificación |
CO-MdFUSBC |
| Convenciones de la descripción |
rda |
| 041 0# - CÓDIGO DE IDIOMA |
| Código de idioma para texto/pista de sonido o título separado |
spa |
| Código de idioma original |
eng |
| 082 04 - NÚMERO DE CLASIFICACIÓN DECIMAL DEWEY |
| Número de clasificación |
G 227.106 E76c |
| 100 1# - ASIENTO PRINCIPAL--NOMBRE PERSONAL |
| Nombre personal |
Esler, Philip F. (Francis) |
| Término relacionador |
autor |
| 245 10 - TÍTULO |
| Título del Material |
Conflicto e identidad en la carta a los Romanos |
| Parte restante del título - Subtitulo |
: El contexto social de la carta de Pablo |
| Mención de responsabilidad, etc. |
/ Philip F. Esler ; José Pérez Escobar, Traductor |
| 264 #4 - PRODUCCIÓN, PUBLICACIÓN, DISTRIBUCIÓN, MANUFACTURA, Y COPYRIGHT |
| Lugar de producción, publicación, distribución, manufactura |
Estella, Navarra : |
| Nombre del productor, publicador, distribuidor |
Verbo Divino, |
| Fecha de producción, publicación, distribución, manufactura, o copyright |
©2005 |
| 300 ## - DESCRIPCIÓN FÍSICA |
| Extensión |
541 Pág. |
| 336 ## - TIPO DE CONTENIDO |
| Fuente |
rdacontent |
| Término de tipo de contenido |
texto |
| Código de tipo de contenido |
txt |
| 337 ## - TIPO DE MEDIO |
| Fuente |
rdamedia |
| Nombre del tipo de medio |
sin mediación |
| Código del tipo de medio |
n |
| 338 ## - TIPO DE SOPORTE |
| Fuente |
rdacarrier |
| Nombre del tipo de soporte |
volumen |
| Código Tipo de soporte |
nc |
| 500 ## - NOTA GENERAL |
| Nota General |
Título original : Conflict and identity in Romans |
| 505 00 - NOTA DE CONTENIDO |
| Nota de contenido con formato preestablecido |
- La Carta a los Romanos y la identidad cristiana - La identidad social - Etnicidad, conflicto étnico y el antiguo mundo mediterráneo - Roma en los años 50 d.C. - El objetivo de la carta - La identidad endogrupal común - Los fundamentos de la nueva identidad - Abrahán como prototipo de la identidad del grupo - La nueva identidad en Cristo: origen y entrada - El liderazgo paulino y la ejemplificación grupal - Israel y el movimiento cristiano - Los descriptores de la nueva identidad - Los débiles y los fuertes - Conflicto e identidad |
| 942 ## - TIPO DE MATERIAL (KOHA) |
| Tipo de Item KOHA |
Libros General |